El hombre contra el Estado
Saved in:
| Main Author: | |
|---|---|
| Format: | Book |
| Language: | Spanish |
| Published: |
Buenos Aires
Aguilar
1960
|
| Edition: | 2a. ed |
| Series: | Biblioteca de Iniciación Filosófica, 5
|
| Subjects: | |
| Tags: |
Add Tag
No Tags, Be the first to tag this record!
|
MARC
| LEADER | 00000cam a2200000 a 4500 | ||
|---|---|---|---|
| 001 | UCD2937 | ||
| 003 | CL-VaPUC | ||
| 008 | 160520e19600000ag |||||||||||||||||spa|d | ||
| 082 | 0 | 4 | |a 192 |b SPE |2 21 |
| 100 | 0 | |a Spencer, Herbert |e author |9 256539 | |
| 245 | 1 | 3 | |a El hombre contra el Estado |
| 250 | |a 2a. ed | ||
| 300 | |a 195 p | ||
| 942 | |c BK | ||
| 945 | |d 20160520 11:34:00 |a dcastane | ||
| 260 | |a Buenos Aires |b Aguilar |c 1960 | ||
| 650 | 0 | |a Filosofía inglesa |9 255676 | |
| 650 | 0 | |a Filósofos ingleses |9 345975 | |
| 583 | |a last modification |c 20160520 11:34:00 |k Rodrigo Vera | ||
| 490 | 0 | |a Biblioteca de Iniciación Filosófica, 5 | |
| 999 | |c 364046 |d 364044 | ||
| 952 | |0 0 |1 0 |3 erb |4 0 |6 192_000000000000000_SPE_1960 |7 0 |8 A |9 476958 |a FDOHBE |b FDOHBE |e Huesbe Llanos, Marco Antonio, 1934- |i 530427K |o 192 SPE 1960 |p 530427K |r 2024-01-30 |w 2019-11-24 |y BK |z Catalogado en:20160520 |k HBE | ||